| 000 | 00420pab a2200145 454500 | ||
|---|---|---|---|
| 008 | 180718b2015 xxu||||| |||| 00| 0 eng d | ||
| 100 | _aSkelcher , Chris | ||
| 245 | _aReforming the oversight of administrative justice 2010- 2014: does the UK need a new legal report? | ||
| 260 | _c2015 | ||
| 300 | _ap.215-224. | ||
| 362 | _aApr | ||
| 650 | _aAdministration of justice | ||
| 773 | _aPublic Law | ||
| 909 | _a107833 | ||
| 999 |
_c107828 _d107828 |
||